00548pam a2200157 a 4500020000500000041000800005082001800013100001700031245008100048250001100129260004500140300001000185930000900195999001700204952016900221 c aeng a423.9146bVIR aVirkar, K.B. aThe Little Modern Dictionary English - English - Marathi hTextual Documents a40th . aNew DelhibOxford University Pressc2004 a1188. a4931 c81847d81847 001040708ReferenceaYMPbYMPd2021-04-27eBharati Sahakari Madhyavarti Grahak Bhandarg140.00l0o423.9146 VIRpYMP-17923r2023-02-24 00:00:00t1w2023-02-24yBK